MARC details
| 000 -LEADER |
| fixed length control field |
01868nam a2200277 a 4500 |
| 008 - FIXED-LENGTH DATA ELEMENTS--GENERAL INFORMATION |
| fixed length control field |
100120s2005 ||||||||||||||||| || u |
| 020 ## - INTERNATIONAL STANDARD BOOK NUMBER |
| International Standard Book Number |
1853396575 |
| 050 ## - LIBRARY OF CONGRESS CALL NUMBER |
| Classification number |
HT 169.5 Ham |
| 100 ## - MAIN ENTRY--PERSONAL NAME |
| Personal name |
Hamdi, Nabeel |
| 245 10 - TITLE STATEMENT |
| Title |
Partnerships in urban planning: a guide for municipalities |
| Statement of responsibility, etc |
by Nabeel Hamdi; Michael Majale |
| 260 ## - PUBLICATION, DISTRIBUTION, ETC. (IMPRINT) |
| Place of publication, distribution, etc |
London: |
| Name of publisher, distributor, etc |
Practical Action Publishing |
| Date of publication, distribution, etc |
2005 |
| 300 ## - PHYSICAL DESCRIPTION |
| Extent |
vii, 55p.: ill. |
| 350 ## - |
| -- |
0.00 |
| 500 ## - GENERAL NOTE |
| General note |
Accompanied by CD-ROM. (See Cybrary staff) |
| 650 ## - SUBJECT ADDED ENTRY--TOPICAL TERM |
| Topical term or geographic name as entry element |
CITIES |
| 650 ## - SUBJECT ADDED ENTRY--TOPICAL TERM |
| Topical term or geographic name as entry element |
SUSTAINABLE DEVELOPMENT--DEVELOPING COUNTRIES |
| 650 #0 - SUBJECT ADDED ENTRY--TOPICAL TERM |
| Topical term or geographic name as entry element |
CITY PLANNING--DEVELOPING COUNTRIES |
| 700 ## - ADDED ENTRY--PERSONAL NAME |
| Personal name |
Majale, Michael |
| 995 ## - RECOMMENDATION 995 [LOCAL, UNIMARC FRANCE] |
| -- |
0.00 |
| -- |
CBU-MAIN LIBRARY (Kitwe) |
| -- |
1 |
| -- |
0.00 |
| -- |
1 |
| -- |
AVAILABLE |
| -- |
Mar 19, 2010 |
| -- |
Main Library Open Access Collection |
| 995 ## - RECOMMENDATION 995 [LOCAL, UNIMARC FRANCE] |
| -- |
0.00 |
| -- |
CBU-MAIN LIBRARY (Kitwe) |
| -- |
1 |
| -- |
0.00 |
| -- |
5 |
| -- |
AVAILABLE |
| -- |
Mar 19, 2010 |
| -- |
Annex Low-Usage Collection |
| 995 ## - RECOMMENDATION 995 [LOCAL, UNIMARC FRANCE] |
| -- |
0.00 |
| -- |
CBU-MAIN LIBRARY (Kitwe) |
| -- |
1 |
| -- |
0.00 |
| -- |
2 |
| -- |
AVAILABLE |
| -- |
Mar 19, 2010 |
| -- |
Main Library Open Access Collection |
| 995 ## - RECOMMENDATION 995 [LOCAL, UNIMARC FRANCE] |
| -- |
0.00 |
| -- |
CBU-MAIN LIBRARY (Kitwe) |
| -- |
1 |
| -- |
0.00 |
| -- |
4 |
| -- |
AVAILABLE |
| -- |
Mar 19, 2010 |
| -- |
Annex Low-Usage Collection |
| 995 ## - RECOMMENDATION 995 [LOCAL, UNIMARC FRANCE] |
| -- |
0.00 |
| -- |
CBU-MAIN LIBRARY (Kitwe) |
| -- |
1 |
| -- |
0.00 |
| -- |
6 |
| -- |
AVAILABLE |
| -- |
Mar 28, 2012 |
| -- |
Annex Low-Usage Collection |
| 995 ## - RECOMMENDATION 995 [LOCAL, UNIMARC FRANCE] |
| -- |
CBU-MAIN LIBRARY (Kitwe) |
| -- |
0.00 |
| -- |
7 |
| -- |
AVAILABLE |
| -- |
May 14, 2013 |
| -- |
Annex Low-Usage Collection |
| 995 ## - RECOMMENDATION 995 [LOCAL, UNIMARC FRANCE] |
| -- |
0.00 |
| -- |
CBU-MAIN LIBRARY (Kitwe) |
| -- |
1 |
| -- |
0.00 |
| -- |
3 |
| -- |
AVAILABLE |
| -- |
Mar 19, 2010 |
| -- |
Main Library Open Access Collection |